Statistics for Periodic Table Symbols Quiz

Click here to take the quiz!

General Stats

  • This quiz has been taken 4,762 times
    (4,739 since last reset)
  • The average score is 71 of 118

Answer Stats

# element % Correct
1HydrogenH
99%
6CarbonC
98%
5BoronB
97%
7NitrogenN
97%
8OxygenO
97%
9FluorineF
96%
15PhosphorusP
95%
19PotassiumK
95%
16SulphurS
95%
2HeliumHe
94%
3LithiumLi
90%
53IodineI
90%
4BerylliumBe
86%
18ArgonAr
85%
20CalciumCa
85%
10NeonNe
85%
79GoldAu
84%
11SodiumNa
84%
12MagnesiumMg
83%
17ChlorineCl
82%
92UraniumU
82%
47SilverAg
81%
23VanadiumV
81%
39YttriumY
80%
26IronFe
80%
29CopperCu
78%
13AluminiumAl
78%
14SiliconSi
77%
27CobaltCo
76%
35BromineBr
76%
25ManganeseMn
74%
74TungstenW
74%
22TitaniumTi
73%
33ArsenicAs
72%
54XenonXe
72%
28NickelNi
72%
32GermaniumGe
70%
36KryptonKr
69%
24ChromiumCr
69%
31GalliumGa
69%
88RadiumRa
68%
84PoloniumPo
67%
87FranciumFr
66%
34SeleniumSe
66%
56BariumBa
66%
30ZincZn
65%
52TelluriumTe
62%
57LanthanumLa
61%
82LeadPb
61%
55CesiumCs
60%
58CeriumCe
60%
78PlatinumPt
59%
44RutheniumRu
59%
50TinSn
58%
21ScandiumSc
58%
80MercuryHg
58%
85AstatineAt
58%
42MolybdenumMo
58%
86RadonRn
57%
38StrontiumSr
57%
95AmericiumAm
56%
37RubidiumRb
56%
94PlutoniumPu
55%
91ProtactiniumPa
55%
89ActiniumAc
55%
83BismuthBi
55%
45RhodiumRh
54%
48CadmiumCd
52%
90ThoriumTh
52%
99EinsteiniumEs
52%
73TantalumTa
52%
75RheniumRe
52%
102NobeliumNo
51%
49IndiumIn
51%
77IridiumIr
50%
63EuropiumEu
49%
51AntimonySb
49%
59PraseodymiumPr
48%
114FleroviumFl
48%
46PalladiumPd
47%
68ErbiumEr
47%
40ZirconiumZr
47%
76OsmiumOs
46%
41NiobiumNb
46%
71LutetiumLu
46%
96CuriumCm
45%
98CaliforniumCf
45%
81ThalliumTl
45%
67HolmiumHo
45%
43TechnetiumTc
44%
72HafniumHf
43%
101MendeleviumMd
42%
93NeptuniumNp
42%
61PromethiumPm
42%
62SamariumSm
42%
118OganessonOg
40%
64GadoliniumGd
39%
112CoperniciumCn
39%
97BerkeliumBk
38%
107BohriumBh
38%
117TennessineTs
38%
66DysprosiumDy
38%
104RutherfordiumRf
38%
70YtterbiumYb
37%
60NeodymiumNd
37%
103LawrenciumLr
37%
110DarmstadtiumDs
36%
65TerbiumTb
36%
115MoscoviumMc
36%
69ThuliumTm
36%
106SeaborgiumSg
35%
105DubniumDb
35%
108HassiumHs
35%
109MeitneriumMt
34%
100FermiumFm
34%
116LivermoriumLv
34%
111RoentgeniumRg
33%
113NihoniumNh
32%

Score Distribution

Percentile by Number Answered

Percent of People with Each Score

Your Score History

You have not taken this quiz since the last reset